00502 a2200145 4500001000700000040002200007041001600029082002400045100001700069245009600086260002200182300000700204362001300211500013200224141547 cLeonardo Da Vinci aPortuguês a791.4353 E46fbE46f aEMPLASAaSNM aFilmotecas na Grande São Paulobinstrumentos da participação - os filmes e os acervos c1985aSão Paulo a82 a19850000 aEMPLASA - Empresa Metropolitana de Planejamento da Grande São PauloaSNM - Secretaria de Estado dos Negócios Metropolitanos